Tilastot visalle Malawia lähinnä olevat maat

Klikkaa tästä pelataksesi tätä visaa!

Yleistilastot

  • Tätä visaa on pelattu 23 kertaa
  • Keskiarvotulos 18 / 20

Vastaustilastot

kmmaa% Oikein
820Botswana
100%
707Etelä-Afrikka
100%
292Kongon demo tst
100%
0Mosambik
100%
795Kenia
94%
919Namibia
94%
815Ruanda
94%
162Zimbabwe
94%
936Angola
88%
1433Lesotho
88%
879Madagaskar
88%
0Sambia
88%
1232Somalia
88%
1028Swazimaa
88%
942Uganda
88%
652Burundi
82%
0Tansania
82%
1434Etelä-Sudan
76%
1551Etiopia
76%
859Komorit
71%

Tulosjakauma

Persentiili vastausten määrän mukaan

Jokaisen tuloksen saaneiden osuus

Tuloshistoriasi

Et ole pelannut tätä visaa